| 000 | 00477 a2200157 4500 | ||
|---|---|---|---|
| 999 |
_c41369 _d41369 |
||
| 003 | OSt | ||
| 005 | 20211022113425.0 | ||
| 008 | 211022b ||||| |||| 00| 0 eng d | ||
| 040 | _coclc | ||
| 082 |
_a920 _bMAN/S |
||
| 100 |
_92037 _a Mangad, Abdurahman |
||
| 245 |
_aShaikh Mahin Hamdani Thangal / _cAbdurahman Mangad |
||
| 260 |
_aMalappuram: _bGrace Educational Association, _c2021. |
||
| 300 | _a175 pages | ||
| 942 |
_2ddc _cBK _h920 _iMAN/S _k920 _mMAN/S |
||